| 000 | 02135nam0a2200337 4500 | ||
|---|---|---|---|
| 001 | RU\NLR\bibl\457090 | ||
| 005 | 20250623183101.0 | ||
| 010 |
_a5-230-04188-9 _9100 |
||
| 021 |
_aRU _b2003-49797 _92403 |
||
| 035 | _a(NLR Aleph) 000450609 | ||
| 090 |
_a871526 _c871526 |
||
| 100 | _a20031110d2003 |||y0rusy50 ca | ||
| 101 | 0 | _arus | |
| 102 | _aRU | ||
| 105 | _aa ||||||||| | ||
| 200 | 1 |
_aРасчет такелажной оснастки для монтажа химического оборудования _eУчеб. пособие _e[Для студентов спец. 170500 "Машины и аппараты хим. пр-в и предприятий строит. материалов"] _fС.В. Лапшина _gМ-во образования Рос. Федерации, Волгогр. гос. техн. ун-т, Волж. политехн. ин-т (фил.) |
|
| 210 |
_aВолгоград _cПолитехник _d2003 |
||
| 215 |
_a77 с. _cил. _d20 |
||
| 320 | _aБиблиогр.: с. 64 (6 назв.) | ||
| 606 | 0 |
_aТакелажная оснастка _jРуководства, пособия и т.п. для высшей школы _xРасчет _92177721 _3RU\NLR\auth\661309722 |
|
| 606 | 0 |
_aТакелажная оснастка _jУчебные издания для высших учебных заведений _xРасчет _92177721 _3RU\NLR\auth\661309722 |
|
| 606 | 0 |
_aХимические заводы _jРуководства, пособия и т.п. для высшей школы _xОборудование _xМонтаж _xТакелажные работы _91946878 _3RU\NLR\auth\661178027 |
|
| 606 | 0 |
_aХимическое оборудование _jУчебные издания для высших учебных заведений _xМонтаж _xТакелажные работы _92309814 _3RU\NLR\auth\661382433 |
|
| 686 | _aЛ11-5-081-5-02я73-1 | ||
| 700 | 1 |
_aЛапшина _bС. В. _gСветлана Владимировна _4070 |
|
| 801 | 0 |
_aRU _bNLR _c20031110 _gPSBO |
|
| 801 | 1 |
_aRU _bNLR _c20031110 |
|
| 942 | _cBOOK | ||
| 980 | _aNB | ||
| 980 | _aNBR | ||